Countries By Google Maps Screenshots #1 - Statistics

General Stats
  • This quiz has been taken 1,193 times
    789 since last reset
  • The average score is 13 of 16
Answer Stats
Picture Answer % Correct
United States | Canada
99%
Japan
98%
Egypt | Saudi Arabia | Sudan
97%
India | Pakistan
95%
Australia
93%
Belarus | Russia | Ukraine
93%
Sweden
88%
Cambodia | Laos | Thailand | Vietnam
85%
Saudi Arabia | Qatar | United Arab Emirates
82%
Armenia | Azerbaijan | Georgia | Turkey
81%
Bolivia | Chile | Argentina
78%
Indonesia
77%
Brazil
72%
Costa Rica | Nicaragua
72%
Botswana | Namibia | Zambia | Zimbabwe
57%
Benin | Burkina Faso | Ghana | Niger | Togo
56%
No matching quizzes found
Score Distribution
Percent of People with Each Score
Percentile by Number Answered
Your Score History
You have not taken this quiz since the last reset